Introducción a la Economía (Registro nro. 3782)

Detalles MARC
000 -LEADER
fixed length control field 01074 a2200229 4500
001 - CONTROL NUMBER
control field 44310
005 - DATE AND TIME OF LATEST TRANSACTION
control field 20260407155721.0
008 - FIXED-LENGTH DATA ELEMENTS--GENERAL INFORMATION
fixed length control field 260407a1959 arg spa d
003 - CONTROL NUMBER IDENTIFIER
control field AR-UNSa-BCEJYS
040 ## - CATALOGING SOURCE
Original cataloging agency AR-UNSa-BCEJYS
Language of cataloging spa
Transcribing agency AR-UNSa-BCEJYS
080 ## - UNIVERSAL DECIMAL CLASSIFICATION NUMBER
Universal Decimal Classification number 330
Common auxiliary subdivision Economía en general
041 ## - LANGUAGE CODE
Language code of text/sound track or separate title spa
100 1# - MAIN ENTRY--PERSONAL NAME
Personal name Gaos, Angel
245 10 - TITLE STATEMENT
Title Introducción a la Economía
264 #1 - PRODUCTION, PUBLICATION, DISTRIBUTION, MANUFACTURE, AND COPYRIGHT NOTICE
Place of production, publication, distribution, manufacture México :
Name of producer, publisher, distributor, manufacturer Unión Tipográfica Editorial Hispano-Americana (UTEHA)
Date of production, publication, distribution, manufacture, or copyright notice 1959
300 ## - PHYSICAL DESCRIPTION
Extent xii, 801 p.
Dimensions 23 cm.
505 ## - FORMATTED CONTENTS NOTE
Formatted contents note 1. Conceptos fundamentales - 2. La economía de mercado bajo pura competencia - 3. La economía de mercado en condiciones de competencia imperfecta - 4. La banca y la circulación monetaria - 5. Fluctuaciones económicas - 6. Empresas y trabajadores - 7. Agricultura - 8. Seguridad social - 9. Las relaciones económicas de los Estados Unidos con el extranjero - 10. Política fiscal - 11. Otros sistemas económicos. -
590 ## - LOCAL NOTE (RLIN)
Local note niveau_biblio:m niveau_hierar:0
700 1# - ADDED ENTRY--PERSONAL NAME
Personal name Rogge, Benjamín A.
700 1# - ADDED ENTRY--PERSONAL NAME
Personal name Van Sickle, John Valentine
942 ## - ADDED ENTRY ELEMENTS (KOHA)
Koha item type
Existencias
Withdrawn status Lost status Damaged status Not for loan Home library Current library Shelving location Date acquired Total checkouts Full call number Barcode Date last seen Price effective from Koha item type
        Biblioteca Prof. Eusebio Cleto del Rey Biblioteca Prof. Eusebio Cleto del Rey   07/04/2026   330 V217 L20350 07/04/2026 07/04/2026 Libro
        Biblioteca Prof. Eusebio Cleto del Rey Biblioteca Prof. Eusebio Cleto del Rey   07/04/2026   330 V217 L25918 07/04/2026 07/04/2026 Libro
        Biblioteca Prof. Eusebio Cleto del Rey Biblioteca Prof. Eusebio Cleto del Rey   07/04/2026   330 V217 L25919 07/04/2026 07/04/2026 Libro